GeoInformatics (Record no. 118700)

MARC details
000 -LEADER
fixed length control field 00576cas a22002175a 4500
001 - CONTROL NUMBER
control field L13870858
008 - FIXED-LENGTH DATA ELEMENTS--GENERAL INFORMATION
fixed length control field 070626c ne br p 0 a0eng
022 0# - INTERNATIONAL STANDARD SERIAL NUMBER
International Standard Serial Number 1387-0858
035 ## - SYSTEM CONTROL NUMBER
System control number (Sirsi) u99467
041 0# - LANGUAGE CODE
Language code of text/sound track or separate title eng
240 ## - UNIFORM TITLE
Uniform title Geo Informatics
245 00 - TITLE STATEMENT
Title GeoInformatics
260 ## - PUBLICATION, DISTRIBUTION, ETC.
Place of publication, distribution, etc. Emmeloord
Name of publisher, distributor, etc. CMedia Productions BV
Date of publication, distribution, etc. [19-?]-
520 ## - SUMMARY, ETC.
Summary, etc. Kept for five years
554 ## -
-- Eight per year
651 #4 - SUBJECT ADDED ENTRY--GEOGRAPHIC NAME
Geographic name International
690 ## - LOCAL SUBJECT ADDED ENTRY--TOPICAL TERM (OCLC, RLIN)
Topical term or geographic name as entry element ENVIRONMENTAL AND LAND CONSULTANCY-GEOMATICS
856 ## - ELECTRONIC LOCATION AND ACCESS
Uniform Resource Identifier <a href="https://www.geoinformatics.com">https://www.geoinformatics.com</a>
942 ## - ADDED ENTRY ELEMENTS (KOHA)
Suppress in OPAC 0
948 ## - LOCAL PROCESSING INFORMATION (OCLC); SERIES PART DESIGNATOR (RLIN)
c (OCLC) 19/06/1998
Holdings
Withdrawn status Lost status Source of classification or shelving scheme Damaged status Not for loan Home library Current library Shelving location Date acquired Total Checkouts Full call number Barcode Date last seen Price effective from Koha item type
    Dewey Decimal Classification     London London Gallery 13/09/2004   GEOINFORMATICS 99467-1001 06/08/2019 06/08/2019 Journal